| 000 | 00430cam a22001217a 4500 | ||
|---|---|---|---|
| 008 | 180718b1985 xxu||||| |||| 00| 0 eng d | ||
| 082 | _aY26x54 So51 | ||
| 100 | _aSomasekhara, N. | ||
| 245 |
_aRural energy: flows, inter-fuel substitution and development profile of a developing country with special reference to India _cby N. Somasekhara |
||
| 260 |
_aDelhi _bSterling _c1985 |
||
| 300 | _a113p. | ||
| 650 | _aEnergy resources - India | ||
| 999 |
_c354753 _d354753 |
||